MARC details
| 000 -CABECERA |
| campo de control de longitud fija |
01584nam a2200253 u 4500 |
| 005 - FECHA Y HORA DE LA ÚLTIMA TRANSACCIÓN |
| campo de control |
20230223063547.0 |
| 008 - ELEMENTOS DE LONGITUD FIJA--INFORMACIÓN GENERAL |
| campo de control de longitud fija |
191202s2018 mx r 000 0 spa d |
| 020 ## - NÚMERO INTERNACIONAL NORMALIZADO PARA LIBROS |
| Número Internacional Estándar del Libro |
9786070309458 |
| 035 ## - NÚMERO DE CONTROL DEL SISTEMA |
| Número de control de sistema |
UPN01000234504 |
| 040 ## - FUENTE DE LA CATALOGACIÓN |
| Centro catalogador/agencia de origen |
MX-MxUPN |
| Lengua de catalogación |
spa |
| Centro/agencia transcriptor |
MX-MxUPN |
| 050 ## - SIGNATURA TOPOGRÁFICA DE LA BIBLIOTECA DEL CONGRESO |
| Número de clasificación |
E183.8 M6 |
| Número de documento/Ítem |
H57 2018 |
| 245 00 - MENCIÓN DE TÍTULO |
| Título |
Historia binacional : |
| Resto del título |
México-Estados Unidos / |
| Mención de responsabilidad, etc. |
Patricia Galeana, coordinadora. |
| 250 ## - MENCIÓN DE EDICIÓN |
| Mención de edición |
Primera edición |
| 260 ## - PUBLICACIÓN, DISTRIBUCIÓN, ETC. |
| Lugar de publicación, distribución, etc. |
Ciudad de México : |
| Nombre del editor, distribuidor, etc. |
Instituto Nacional de Estudios Históricos de las Revoluciones de México : |
| -- |
Siglo Veintiuno Editores, |
| Fecha de publicación, distribución, etc. |
©2018 |
| 300 ## - DESCRIPCIÓN FÍSICA |
| Extensión |
418 páginas |
| 490 ## - MENCIÓN DE SERIE |
| Mención de serie |
Historia (Instituto Nacional de Estudios Históricos de las Revoluciones de México) |
| 505 0# - NOTA DE CONTENIDO CON FORMATO PREESTABLECIDO |
| Nota de contenido con formato |
Geografía y destino ; Historia binacional de México y Estados Unidos, siglo XIX / Patricia Galeana -- Relaciones exteriores entre México y Estados Unidos en el siglo XIX, 1821-1910 / Peter L. Reich -- La visión mexicana del siglo XX al XXI / Walter Astié-Burgos -- Revolución, petróleo, el TLCAN, cooperación política y de seguridad / Carlos Alberto Contreras -- Los chicanos en la encrucijada de las historias binacionales / David R. Maciel -- Devolver la frontera : los mexicanos en la frontera moderna : conflictos y resoluciones transfronterizas / Juan Gómez-Quiñones. |
| 651 #4 - ASIENTO SECUNDARIO DE MATERIA - NOMBRE GEOGRAFICO |
| Nombre geográfico |
México |
| Subdivisión general |
Relaciones exteriores |
| Subdivisión geográfica |
Estados Unidos |
| 9 (RLIN) |
6689 |
| 651 #4 - ASIENTO SECUNDARIO DE MATERIA - NOMBRE GEOGRAFICO |
| Nombre geográfico |
Estados Unidos |
| Subdivisión general |
Relaciones exteriores |
| Subdivisión geográfica |
México |
| 9 (RLIN) |
7995 |
| 700 1# - ASIENTO SECUNDARIO--NOMBRE DE PERSONAL |
| Nombre de persona |
Galeana de Valadés, Patricia, |
| Fechas asociadas al nombre |
1946- |
| Término indicativo de función/relación |
coordinadora |
| -- |
editora |
| 9 (RLIN) |
37884 |
| 905 ## - TIPO DE MATERIAL |
| Tipo de material |
Libro |
| 942 ## - ELEMENTOS DE PUNTO DE ACCESO ADICIONAL (KOHA) |
| Suprimir en OPAC |
No |
| Fuente del sistema de clasificación o colocación |
Library of Congress Classification |
| Tipo de ítem Koha |
Libro |